FEDLINK services directory for fiscal year ... / (Record no. 365)
[ view plain ]
| 000 -LEADER | |
|---|---|
| fixed length control field | 01199nas a22003375a 4500 |
| 001 - CONTROL NUMBER | |
| control field | ACD-2376 |
| 008 - FIXED-LENGTH DATA ELEMENTS--GENERAL INFORMATION | |
| fixed length control field | 910225c19uu9999dcuar f0uuu 0eng |
| 005 - DATE AND TIME OF LATEST TRANSACTION | |
| control field | 20200129130613.0 |
| 010 ## - LIBRARY OF CONGRESS CONTROL NUMBER | |
| LC control number | 91656060 |
| -- | 23150847 |
| 040 ## - CATALOGING SOURCE | |
| Modifying agency | GPO |
| 012 ## - | |
| -- | 2 |
| -- | 9103 |
| 042 ## - AUTHENTICATION CODE | |
| Authentication code | lc |
| 050 00 - LIBRARY OF CONGRESS CALL NUMBER | |
| Classification number | IN PROCESS |
| 074 ## - GPO ITEM NUMBER | |
| GPO item number | 0785-H |
| 086 0# - GOVERNMENT DOCUMENT CLASSIFICATION NUMBER | |
| Classification number | LC 1.40/2:F 31/ |
| 049 ## - LOCAL HOLDINGS (OCLC) | |
| Holding library | DRUG |
| 212 0# - VARIANT ACCESS TITLE [OBSOLETE] | |
| Variant access title | Federal Library and Information Network services directory for fiscal year ... |
| 245 00 - TITLE STATEMENT | |
| Title | FEDLINK services directory for fiscal year ... / |
| Statement of responsibility, etc. | FLICC/FEDLINK. |
| 260 00 - PUBLICATION, DISTRIBUTION, ETC. | |
| Place of publication, distribution, etc. | Washington, D.C. : |
| Name of publisher, distributor, etc. | Federal Library and Information Network, Federal Library and Information Center Committee, |
| 265 ## - SOURCE FOR ACQUISITION/SUBSCRIPTION ADDRESS [OBSOLETE] | |
| Source for acquisition/subscription address [OBSOLETE] | FEDLINK, Room LA 1026C, Library of Congress, Washington D.C. 20540 |
| 300 ## - PHYSICAL DESCRIPTION | |
| Extent | v. ; |
| Dimensions | 28 cm. |
| 310 ## - CURRENT PUBLICATION FREQUENCY | |
| Current publication frequency | Annual |
| 500 ## - GENERAL NOTE | |
| General note | Description based on: 1990. |
| 610 20 - SUBJECT ADDED ENTRY--CORPORATE NAME | |
| Corporate name or jurisdiction name as entry element | FEDLINK (Network) |
| General subdivision | Directories. |
| 650 #0 - SUBJECT ADDED ENTRY--TOPICAL TERM | |
| Topical term or geographic name entry element | Library information networks |
| Geographic subdivision | United States |
| General subdivision | Directories. |
| 650 #0 - SUBJECT ADDED ENTRY--TOPICAL TERM | |
| Topical term or geographic name entry element | Libraries, Governmental, administrative, etc. |
| General subdivision | Periodicals. |
| 710 20 - ADDED ENTRY--CORPORATE NAME | |
| Corporate name or jurisdiction name as entry element | FEDLINK (Network) |
| 710 20 - ADDED ENTRY--CORPORATE NAME | |
| Corporate name or jurisdiction name as entry element | United States. |
| Subordinate unit | Federal Library and Information Center Committee. |
| 936 ## - OCLC/CONSER MISCELLANEOUS DATA (OCLC); PIECE USED FOR CATALOGING (pre-AACR2) (RLIN) | |
| OCLC control number(s) of parallel record(s) (OCLC); Piece used for cataloging, PUC (RLIN) | 1991 LIC |
| 942 ## - ADDED ENTRY ELEMENTS (KOHA) | |
| Koha item type | Mixed Materials |
| Withdrawn status | Lost status | Damaged status | Not for loan | Collection | Home library | Current library | Shelving location | Date acquired | Barcode | Date last seen | Price effective from | Koha item type |
|---|---|---|---|---|---|---|---|---|---|---|---|---|
| Reference | Centerville | Centerville | General stacks | 09/04/2014 | 39999000015973 | 09/04/2014 | 09/04/2014 | Books | ||||
| Reference | Centerville | Centerville | General stacks | 09/04/2014 | 39999000016017 | 09/04/2014 | 09/04/2014 | Books | ||||
| Reference | Fairview | Fairview | General stacks | 09/04/2014 | 39999000015959 | 09/04/2014 | 09/04/2014 | Books | ||||
| Reference | Fairview | Fairview | General stacks | 09/04/2014 | 39999000015997 | 09/04/2014 | 09/04/2014 | Books |